000 00331nam a2200145Ia 4500
100 _aMorrison donald F.
942 _cBK
654 _astatistical methods
245 _aMultivariate statistical methods
260 _bMc Graw Hill
_aNew York
_c1990
082 _a519.539
_bMOR
300 _a495
546 _aENGLISH
999 _c21264
_d21264